| 000 | 00633nam a2200181 a 4500 | ||
|---|---|---|---|
| 001 | 4650 | ||
| 003 | CDMR | ||
| 005 | 20130920105738.0 | ||
| 008 | 130130s1970||||||||||||||||||||||||||||d | ||
| 040 |
_aCDMR _bcat _cCDMR |
||
| 245 | 0 | _aGran Enciclopèdia Catalana | |
| 260 |
_aBarcelona _c1970- _bEnciclopèdia Catalana |
||
| 300 |
_av. _bil. col. |
||
| 500 | _aVolums 1-3 (1970-1971) editats per Edicions 62 | ||
| 505 | _aConté: Vol. 1 (A - A mi) -15 (u - Zw) ; vol. 16 (Suplement A-Z) - 22 (Setè suplement A-Z) | ||
| 856 | 4 | 0 |
_uhttp://www.enciclopedia.cat/ _yDisponible en línia a través del portal Enciclopèdia.cat |
| 942 |
_cREF _2udc |
||
| 999 |
_c4650 _d4650 |
||